00732nam a2200169Ia 4500008004100000041000800041082001500049100003300064245011400097260003300211300002700244365001600271700003300287906004800320999001900368952017500387230718s9999 xx 000 0 und d aeng a005.8bPRO aProfessional Book Publishers aInformation Technology Act, 2000 (21 Of 2000) As Amended By The Information Technology Act, 2000 (21 Of 2000) bProfessional Book Publishers a197dRef 62 IT (39104) cRs.b140.00 aProfessional Book Publishers dO:0177614-Jun-2011B:250724-May-2011cITb42 c327897d327897 00102ddc3Ref 62 IT (39104)4073aCCEPbCCEPd2011-06-14eOm Book StallfITg119.00i2507o005.8pCCEP-BK-39104r2023-07-18 00:00:00t42v140.00w2011-05-24yBKz039104